书目信息 |
| 题名: |
秘笈录存
|
|
| 作者: | ;中科院近代史研究所 编 | |
| 分册: | ||
| 出版信息: | 北京 1984中国社会科学出版社 1984 |
|
| 页数: | 525页 | |
| 开本: | 21cm | |
| 丛书名: | ||
| 单 册: | ||
| 中图分类: | K258.4 | |
| 科图分类: | ||
| 主题词: | 中国--历史--1840~1949 | |
| 电子资源: | ||
| ISBN: | ||
| 000 | 00585nam0 2200193 45 | |
| 001 | 0405051696 | |
| 005 | 20060116083154.34 | |
| 010 | @dCNY1.90 | |
| 091 | @a11190.102 | |
| 100 | @a20040505d1984 km y0chiy0120 ea | |
| 101 | 0 | @achi |
| 200 | 1 | @a秘笈录存@AMi Ji Lu Cun@f中科院近代史研究所等编@FZhong Ke Yuan Jin Dai Shi Yan Jiu Suo Deng Bian |
| 210 | @a北京@c1984中国社会科学出版社@d1984 | |
| 215 | @a525页@d21cm | |
| 606 | 0 | @a中国@x历史@z1840~1949 |
| 690 | @aK258.4@v3 | |
| 711 | 0 | @a中科院近代史研究所@4编 |
| 801 | @aCN@bPftUser@c20060116 | |
| 905 | @f2@b136517-518@dK258.4@e29 | |
| 秘笈录存/中科院近代史研究所等编.-北京:1984中国社会科学出版社,1984 |
| 525页;21cm |
| ISBN :CNY1.90 |
| ● |
| 相关链接 |
|
|
|
|
正题名:秘笈录存
索取号:K258.4/29
 
预约/预借
| 序号 | 登录号 | 条形码 | 馆藏地/架位号 | 状态 | 备注 |
| 1 | 0136517 | 001294487 | 第二借阅区/ [索取号:K258.4/29] | 在馆 | |
| 2 | 0136518 | 001294414 | 第二样本阅览室/ [索取号:K258.4/29] | 在馆 | |
| 3 | 0136519 | 202173361 | 密集书库/ [索取号:K258.4/29] | 在馆 |